Química - Mudança de estados físicos - Statistics

Estatísticas Gerais
  • Esse quiz foi jogado 336 vezes
  • A pontuação média é 4 de 6
Estatísticas das Respostas
Hint Resposta % Correto
Líquido -> Sólido Solidificação
91%
Gasoso -> Líquido Condensação
84%
Sólido -> Líquido Fusão
79%
Sólido -> Gasoso Sublimação
75%
Líquido -> Gasoso Vaporização
72%
Gasoso -> Sólido Ressublimação
48%
Nenhum quiz correspondente encontrado
Distribuição das Pontuações
Porcentagem de Pessoas com Cada Pontuação
Percentil de Números Respondidos
Sua Pontuação Histórica
Você não jogou esse quiz